<?xml version="1.0" encoding="UTF-8"?>
<record
    xmlns:xsi="http://www.w3.org/2001/XMLSchema-instance"
    xsi:schemaLocation="http://www.loc.gov/MARC21/slim http://www.loc.gov/standards/marcxml/schema/MARC21slim.xsd"
    xmlns="http://www.loc.gov/MARC21/slim">

  <leader>02047nam a22002417a 4500</leader>
  <controlfield tag="005">20250506121048.0</controlfield>
  <controlfield tag="008">250426b        |||||||| |||| 00| 0 eng d</controlfield>
  <datafield tag="020" ind1=" " ind2=" ">
    <subfield code="a">9788180545894</subfield>
  </datafield>
  <datafield tag="040" ind1=" " ind2=" ">
    <subfield code="c">AIMIT LIBRARY</subfield>
  </datafield>
  <datafield tag="082" ind1=" " ind2=" ">
    <subfield code="2">3</subfield>
    <subfield code="a">658.8 </subfield>
    <subfield code="b">VARR</subfield>
  </datafield>
  <datafield tag="100" ind1=" " ind2=" ">
    <subfield code="a">Varshney, R L.</subfield>
    <subfield code="9">208899</subfield>
  </datafield>
  <datafield tag="245" ind1=" " ind2=" ">
    <subfield code="a">Marketing management :</subfield>
    <subfield code="b">text and cases /</subfield>
    <subfield code="c">By R L Varshney and S L Gupta.</subfield>
  </datafield>
  <datafield tag="250" ind1=" " ind2=" ">
    <subfield code="a">3rd ed.</subfield>
  </datafield>
  <datafield tag="260" ind1=" " ind2=" ">
    <subfield code="a">New Delhi :</subfield>
    <subfield code="b">Sultan Chand and Sons ,</subfield>
    <subfield code="c">2016.</subfield>
  </datafield>
  <datafield tag="300" ind1=" " ind2=" ">
    <subfield code="a">xxvi,1185p. ;</subfield>
    <subfield code="b">PB</subfield>
    <subfield code="c">24 Cm.</subfield>
  </datafield>
  <datafield tag="500" ind1=" " ind2=" ">
    <subfield code="a">Written in a lucid style, the book has more than a thousand Indian examples at appropriate places. It also contains a number of Indian cases and live situations.

In the  new edition, the text has under gone exhaustive revision and substantial value addition, through 51 well structured chapters arranged in 10 units. It covers more than 150 applications- oriented exercises, 80 case studies and 1000 examples to reflect the latest developments. In this edition, we have not only revised and updated all the earlier chapters but also added 25 chapters.

The content of the book makes it equally useful for both basic and advanced courses in Marketing Management. It is Indispensible for students of MBA, M.Com, MBE, BBA, BBS, B.Com, PGDBM, PGDMM and Practicing Marketing Manager. It is a valuable reference source for Marketing Organizations.</subfield>
  </datafield>
  <datafield tag="505" ind1=" " ind2=" ">
    <subfield code="a">
Contents :

Understanding the Marketing Concepts 
Developing Marketing Strategy &amp; Selecting Target Markets 
Understanding Consumer &amp; Consumer Behaviour 
Understanding the Product Concepts
Pricing Decisions
Distribution Management Decisions 
Advertising &amp; Sales Promotion Decisions 
Managing Sales Force 
Managing Marketing of Services
Understanding the New Marketing Concepts 
Appendices </subfield>
  </datafield>
  <datafield tag="650" ind1=" " ind2=" ">
    <subfield code="a">Developing marketing strategy and selecting target markets</subfield>
    <subfield code="9">208900</subfield>
  </datafield>
  <datafield tag="650" ind1=" " ind2=" ">
    <subfield code="a">Understanding consumers and consumer behaviour</subfield>
    <subfield code="9">208901</subfield>
  </datafield>
  <datafield tag="650" ind1=" " ind2=" ">
    <subfield code="a">Managing sales force</subfield>
    <subfield code="9">208902</subfield>
  </datafield>
  <datafield tag="700" ind1=" " ind2=" ">
    <subfield code="a">Gupta, S L.</subfield>
    <subfield code="9">208903</subfield>
  </datafield>
  <datafield tag="942" ind1=" " ind2=" ">
    <subfield code="2">ddc</subfield>
    <subfield code="c">BK</subfield>
    <subfield code="e">3rd ed.</subfield>
    <subfield code="k">658.8 VARR</subfield>
  </datafield>
  <datafield tag="999" ind1=" " ind2=" ">
    <subfield code="c">234243</subfield>
    <subfield code="d">234243</subfield>
  </datafield>
  <datafield tag="952" ind1=" " ind2=" ">
    <subfield code="0">0</subfield>
    <subfield code="1">0</subfield>
    <subfield code="2">ddc</subfield>
    <subfield code="4">0</subfield>
    <subfield code="7">0</subfield>
    <subfield code="8">MBA</subfield>
    <subfield code="a">AIMIT</subfield>
    <subfield code="b">AIMIT</subfield>
    <subfield code="c">MKG</subfield>
    <subfield code="d">2025-03-14</subfield>
    <subfield code="e">Biblios Book Point</subfield>
    <subfield code="g">550.00</subfield>
    <subfield code="i">Bill.no:7467;Bill dt2025/3/11</subfield>
    <subfield code="l">0</subfield>
    <subfield code="o">658.8  VARR</subfield>
    <subfield code="p">MBA15083</subfield>
    <subfield code="r">2026-05-23 00:00:00</subfield>
    <subfield code="v">467.50</subfield>
    <subfield code="w">2025-04-26</subfield>
    <subfield code="y">BK</subfield>
  </datafield>
  <datafield tag="952" ind1=" " ind2=" ">
    <subfield code="0">0</subfield>
    <subfield code="1">0</subfield>
    <subfield code="2">ddc</subfield>
    <subfield code="4">0</subfield>
    <subfield code="7">0</subfield>
    <subfield code="8">MBA</subfield>
    <subfield code="a">AIMIT</subfield>
    <subfield code="b">AIMIT</subfield>
    <subfield code="c">MKG</subfield>
    <subfield code="d">2025-03-14</subfield>
    <subfield code="e">Biblios Book Point</subfield>
    <subfield code="g">550.00</subfield>
    <subfield code="i">Bill.no:7467;Bill dt2025/3/11</subfield>
    <subfield code="l">0</subfield>
    <subfield code="o">658.8  VARR</subfield>
    <subfield code="p">MBA15084</subfield>
    <subfield code="r">2026-05-23 00:00:00</subfield>
    <subfield code="v">467.50</subfield>
    <subfield code="w">2025-04-26</subfield>
    <subfield code="y">BK</subfield>
  </datafield>
</record>
